| 000 | 00696nam a2200241Ia 4500 | ||
|---|---|---|---|
| 003 | OSt | ||
| 005 | 20220924114903.0 | ||
| 006 | a|||||r|||| 00| 0 | ||
| 007 | ta | ||
| 008 | 220923b |||||||| |||| 00| 0 ara d | ||
| 024 | _a345200 | ||
| 037 | _cTextual | ||
| 040 |
_aARTS _cARTS _bara |
||
| 041 |
_2ara _aara |
||
| 082 | _aV461:1.G1, 28J2 | ||
| 100 |
_aenged Ahmad Au. _9175902 |
||
| 245 | 0 |
_aMiftahul zahab _b tarikh malook-al-islam-o-kholfa-i-al-Arab |
|
| 260 |
_aCairo _bMatba-i-al-maaref Egypt _c1952 |
||
| 300 |
_a135p. _ccm. |
||
| 650 | _aARABIC LANGUAGE - HISTORY | ||
| 942 |
_hV461:1.G1, 28J2 _cTEXL _2CC |
||
| 999 |
_c395805 _d395805 |
||